000 00482nam a2200181Ia 4500
001 8978
005 20260306160649.0
008 260306t2011||||xx |||||||||||||| ||spa||
041 _aESP
082 _a372.21
_bE24G
100 _aHeguy, Graciela
_eAUT
245 0 _aGrandes obras para pequeños artistas:
_bproyectos de arte integrados para el nivel inicial
260 _c2011
300 _a123 páginas :
_c26 cm.
650 _aGEN
654 _aCED
942 _cLIB
_dJUS
_fJUS
_2ddc
_n
999 _c8978
_d8978